| 000 | 00897nam a22002417a 4500 | ||
|---|---|---|---|
| 999 |
_c14346 _d14346 |
||
| 003 | AR-CdUCM | ||
| 008 | 190422b ||||| |||| 00| 0 spa d | ||
| 020 | _a978-607-618-589-6 | ||
| 040 |
_aMUNICIPALIDAD PROVINCIAL DEL CUSCO _cBIBLIOTECA MUNICIPAL DEL CUSCO |
||
| 041 | _heng | ||
| 082 |
_aPI / 803 / _bA57 |
||
| 100 |
_aAndersen, Hans Christian _912210 |
||
| 245 |
_aLos Cisnes silvestres : _bY otros fabulosos cuentos / |
||
| 260 |
_aMexico D. F. : _bAdvanced Marketing, _c2015. |
||
| 300 |
_a40 páginas ; _bIlustraciones, _c28 cm. |
||
| 505 | _aContenido: Los Cisnes Silvestres -- ¿Quien fue la mas afortunada? -- La pastora y el deshollinador -- La colina de los Elfos. | ||
| 650 |
_aLiteratura infantil _9588 |
||
| 650 |
_aCuento infantil _93319 |
||
| 650 |
_aSiglo XXI _92856 |
||
| 700 |
_aCaballero, Samantha (traductor) _924682 |
||
| 942 |
_2ddc _cLIBROS |
||
| 945 |
_acmm _d2019-04-22 |
||